Trombinoscope Pokémon #3 - Statistiques

Statistiques générales
  • Ce quiz a été pris 881 fois
  • Le résultat moyen est 78 sur 100
Statistiques - réponses
Hint Réponse % Correct
Tauros
88%
Ronflex
87%
Étourmi
87%
Saquedeneu
87%
Noctali
87%
Krabby
87%
Noadkoko d'Alola
86%
Magnéti
86%
Florizarre
86%
Feunard
86%
Hyporoi
86%
Voltali
86%
Magnézone
86%
Abo
86%
Pingoléon
86%
Machopeur
86%
Ponchiot
85%
Kyurem Blanc
85%
Steelix
85%
Palkia
85%
Judokrak
85%
Absol
85%
Dodrio
85%
Ponyta de Galar
85%
Phyllali
85%
Wailord
85%
Moumouton
85%
Onix
85%
Coconfort
85%
Nostenfer
85%
Polagriffe
84%
Hippodocus
84%
Lockpin
83%
Pachirisu
83%
Zigzaton
83%
Natu
83%
Typhlosion
83%
Trousselin
83%
Hariyama
82%
Vivaldaim
82%
Entei
82%
Triopikeau
82%
Aéromite
81%
Victini
81%
Draby
81%
Nucléos
81%
Jirachi
81%
Mysdibule
81%
Massko
80%
Pyrax
80%
Zygarde
80%
Briochien
80%
Marisson
80%
Tic
80%
Branette
80%
Kecleon
79%
Porygon-Z
79%
Meltan
79%
Cotovol
79%
Archéomire
79%
Chuchmur
79%
Flambusard
79%
Octillery
79%
Deusolourdo
78%
Aéroptéryx
77%
Lunala
77%
Rhinolove
76%
Corayon de Galar
76%
Oratoria
76%
Chapignon
76%
Couafarel
76%
Badabouin
76%
Exagide
75%
Mushana
75%
Lampignon
75%
Iguolta
74%
Éthernatos
73%
Concombaffe
73%
Incisache
73%
Gromago
72%
Porygon2
72%
Fragilady de Hisui
71%
Monthracite
70%
Gaulet
69%
Silvallié
68%
Polthégeist
67%
Térapagos
67%
Miraidon
67%
Ixon
66%
Tutétékri
66%
Charbambin
66%
Duralugon
65%
Magearna
65%
Prédastérie
65%
Palmaval
63%
Famignol
63%
Scovilain
61%
Nigirigon
60%
Amovénus
58%
Virevorreur
57%
Aucun quiz correspondant
Distribution des résultats
% des personnes avec chaque résultat
Percentile par nombre de réponses
Votre historique - résultats
Vous n’avez pas pris ce quiz